Teoría y epistemología del texto
Guardat en:
| Autor principal: | |
|---|---|
| Format: | Llibre |
| Idioma: | espanyol |
| Publicat: |
Madrid
Cátedra
1995
|
| Matèries: | |
| Etiquetes: |
Afegir etiqueta
Sense etiquetes, Sigues el primer a etiquetar aquest registre!
|
MARC
| LEADER | 00000nam a2200000 a 4500 | ||
|---|---|---|---|
| 001 | UCS4107 | ||
| 003 | CL-VaPUC | ||
| 008 | 970725e19950000SP |||||||||||||||||spa|d | ||
| 020 | |a 8437613787 | ||
| 082 | 0 | 4 | |a 121 |b BER |2 21 |
| 100 | |a Bernárdez, Enrique |e author |9 390193 | ||
| 245 | 1 | 0 | |a Teoría y epistemología del texto |
| 300 | |a 238 p | ||
| 942 | |c BK | ||
| 945 | |d 19970725 00:00:00 |a jquezada | ||
| 260 | |a Madrid |b Cátedra |c 1995 | ||
| 650 | 0 | |a Teoría del conocimiento |9 255038 | |
| 650 | 0 | |a Epistemología |9 264994 | |
| 650 | 0 | |a Lingüística |9 265068 | |
| 583 | |a last modification |c 19970725 00:00:00 |k Rodrigo Vera | ||
| 999 | |c 261440 |d 261438 | ||
| 952 | |0 0 |1 0 |4 0 |6 121_000000000000000_BER_1995 |7 0 |8 A |9 288874 |a BIBEDU |b BIBEDU |d 2019-11-19 |i 3336948 |o 121 BER 1995 |p 3336948 |r 2019-11-19 |w 2019-11-19 |y BK |k LIT | ||
| 952 | |0 0 |1 0 |4 0 |6 121_000000000000000_BER_1995 |7 0 |8 A |9 288875 |a FDOPOS |b FDOPOS |d 2019-11-19 |i 4089480 |o 121 BER 1995 |p 4089480 |r 2025-01-22 |w 2019-11-19 |y BK |k MLA | ||
| 952 | |0 0 |1 0 |4 0 |6 121_000000000000000_BER_1995 |7 0 |8 A |9 288876 |a FDOPOS |b FDOPOS |d 2019-11-19 |i 4131002 |o 121 BER 1995 |p 4131002 |r 2025-01-22 |w 2019-11-19 |y BK |k MLA | ||